000 00588nam a2200157 a 4500
008 120416s1963 ||||||||||||||||| || u
050 _aGN 406 Thi
100 _aEvans-Pritchard, E. E
245 1 0 _aThird Radio programme: the institutions of primitive society, a series of broadcast talks
260 _aOxford
_bBlackwell
_c1963
300 _aviii, 107p.
350 _a0.00
650 _aPRIMITIVE SOCIETY
650 _aCULTURE
995 _D0.00
_FCBU-MAIN LIBRARY (Kitwe)
_H1
_I10.00
_M1
_UAVAILABLE
_ZMain Library Open Access Collection
999 _c59850
_d59850